101 models of procurement & supply chain management / (Record no. 6230)

MARC details
000 -LEADER
fixed length control field 01351cam a2200337Ki 4500
001 - CONTROL NUMBER
control field ocn948088741
003 - CONTROL NUMBER IDENTIFIER
control field TZ-ArACH
005 - DATE AND TIME OF LATEST TRANSACTION
control field 20220329124009.0
008 - FIXED-LENGTH DATA ELEMENTS--GENERAL INFORMATION
fixed length control field 160427s2016 enka b 001 0 eng d
020 ## - INTERNATIONAL STANDARD BOOK NUMBER
International Standard Book Number 1903499879
Qualifying information (paperback)
020 ## - INTERNATIONAL STANDARD BOOK NUMBER
International Standard Book Number 9781903499870
Qualifying information (paperback)
029 1# - (OCLC)
OCLC library identifier NLGGC
System control number 408113065
035 ## - SYSTEM CONTROL NUMBER
System control number (OCoLC)948088741
040 ## - CATALOGING SOURCE
Transcribing agency TZ-ArACH
049 ## - LOCAL HOLDINGS (OCLC)
Holding library TZAA
050 #4 - LIBRARY OF CONGRESS CALL NUMBER
Classification number HD39
Item number .J33 2016
100 1# - MAIN ENTRY--PERSONAL NAME
Personal name Jackson, Paul,
Relator term author.
245 10 - TITLE STATEMENT
Title 101 models of procurement & supply chain management /
Statement of responsibility, etc Paul Jackson, Barry Crocker & Ray Carter.
246 3# - VARYING FORM OF TITLE
Title proper/short title One hundred one models of procurement and supply chain management
260 ## - PUBLICATION, DISTRIBUTION, ETC. (IMPRINT)
Place of publication, distribution, etc Cambridge :
Name of publisher, distributor, etc Cambridge Academic,
Date of publication, distribution, etc 2016.
300 ## - PHYSICAL DESCRIPTION
Extent i, 134 pages :
Other physical details illustrations ;
Dimensions 24 cm
504 ## - BIBLIOGRAPHY, ETC. NOTE
Bibliography, etc Includes bibliographical references (pages 124-126)
520 ## - SUMMARY, ETC.
Summary, etc Contains diverse and cross-functional models found to be of use when working within global organisations, delivering consultancy activities, or teaching procurement and supply chain subjects to international students.
650 #0 - SUBJECT ADDED ENTRY--TOPICAL TERM
Topical term or geographic name as entry element Industrial procurement.
650 #0 - SUBJECT ADDED ENTRY--TOPICAL TERM
Topical term or geographic name as entry element Business logistics.
650 #7 - SUBJECT ADDED ENTRY--TOPICAL TERM
Topical term or geographic name as entry element Business logistics.
Source of heading or term fast
650 #7 - SUBJECT ADDED ENTRY--TOPICAL TERM
Topical term or geographic name as entry element Industrial procurement.
Source of heading or term fast
700 1# - ADDED ENTRY--PERSONAL NAME
Personal name Crocker, Barry,
Relator term author.
700 1# - ADDED ENTRY--PERSONAL NAME
Personal name Carter, R. J.
Fuller form of name (Raymond John),
Dates associated with a name 1952-
Relator term author.
942 ## - ADDED ENTRY ELEMENTS (KOHA)
Source of classification or shelving scheme Library of Congress Classification
Koha item type Books
Holdings
Home library Current library Date acquired Full call number Barcode Koha item type
African Court on Human and Peoples' Rights Library African Court on Human and Peoples' Rights Library 29/03/2022 HD39 .J33 2016 10194320 Books

African Court on Human and Peoples' Rights | For Inquiries Contact » +255 272 510 510